Sports Quiz

Random Sports or NFL Quiz

Active NFL Rushing Attempts Leaders Quiz Stats

Quiz not verified by Sporcle

Challenge
Share
Tweet
Embed
Score 0/50 Timer 12:00
0 Plays Today
ROOKIE YEAR PLAYER % Correct
2000Thomas Jones
97.8%
2004Julius Jones
97.8%
2001LaDanian Tomlinson
97.6%
2003Larry Johnson
96.4%
2007Adrian Peterson
93.8%
1999Ricky Williams
93.7%
2006DeAngelo Williams
93.7%
2005Cadillac Williams
93.4%
1999Edgerrin James
89.9%
2002Clinton Portis
89.5%
2004Steven Jackson
89.4%
1998Fred Taylor
88.9%
2002Chester Taylor
88.9%
2005Marion Barber
88.1%
2005Ronnie Brown
87.1%
2003Chris Brown
86.5%
2004Michael Turner
85.5%
2005Frank Gore
85.2%
2006Maurice Jones-Drew
84.6%
2002Brian Westbrook
84.1%
2004Willie Parker
83.9%
2000Jamal Lewis
83.3%
2005Cedric Benson
82.3%
2006Reggie Bush
82.2%
2005Brandon Jacobs
82%
ROOKIE YEAR PLAYER % Correct
2006Joesph Addai
80%
2004Willis McGahee
79.9%
2008Matt Forte
78.9%
2007Ryan Grant
78.4%
2007Marshawn Lynch
74.7%
2008Steve Slaton
72.8%
2006LenDale White
70.8%
1999Kevin Faulk
68.1%
2006Laurence Maroney
68.1%
2004Derrick Ward
65.2%
2003Justin Fargas
62.6%
2001Michael Vick
58%
2000Sammy Morris
56.6%
2002Maurice Morris
56.3%
2002Ladell Betts
51%
2001Correll Buckhalter
47%
1999Donovan McNabb
46.6%
1991Brett Favre
39.5%
2004Earnest Graham
37.5%
2004Mewelde Moore
28.7%
2001LaMont Jordan
28.4%
1999Daunte Culpepper
25.1%
1994Mark Brunell
19.8%
1995Tony Richardson
19.7%
2001Michael Bennett
14.9%

You're not logged in!

Compare scores with friends on all Sporcle quizzes.
Join for Free
OR
Log In

You Might Also Like...

Show Comments

Extras

Top Quizzes Today


Score Distribution

Your Account Isn't Verified!

In order to create a playlist on Sporcle, you need to verify the email address you used during registration. Go to your Sporcle Settings to finish the process.

Report this User

Report this user for behavior that violates our Community Guidelines.

Details: